[Event "54smm A Richter/Lask-Groeden"]
[Site "?"]
[Date "17.12.17"]
[Round "4.6"]
[White "Fongarolli, Diego"]
[Black "Grossi, Christian"]
[Result "0-1"]
[WhiteElo "1904"]
[BlackElo "1885"]
[PlyCount "48"]
[EventDate "2022.12.17"]

{[%evp 0,48,19,31,80,74,79,77,77,65,78,53,96,46,45,21,45,23,23,22,27,7,57,40,
42,45,17,-70,118,-26,-65,-120,-81,-100,-47,-54,-62,-62,-5 6,-82,-70,-76,-76,
-152,-247,-433,-180,-182,-345,-452,-382]} 1. e4 g6 2. d4 Bg7 3. Nc3 d6 4. f4 a6
5. Nf3 b5 6. a3 e6 7. Be3 Ne7 8. Be2 Nd7 9. Qd2 Bb7 10. b4 c5 11. dxc5 dxc5 12.
bxc5 Qc7 13. Rd1 Rd8 14. e5 Nf5 15. g4 Nxe3 16. Qxe3 Bf8 17. Ne4 Bxe4 18. Qxe4
Bxc5 19. a4 bxa4 20. Qxa4 O-O 21. Bxa6 Nb6 22. Qe4 Nd5 23. Ra1 Ba7 24. c4 Nc3
0-1

[Event "54smm B Arci2-Groeden2"]
[Site "?"]
[Date "2022.12.17"]
[Round "4.1"]
[White "Casadio, Lorenzo"]
[Black "Benvenuto, Alexander"]
[Result "1-0"]
[WhiteElo "1828"]
[BlackElo "1627"]
[PlyCount "159"]
[EventDate "2022.12.17"]

1. d4 Nf6 2. c4 g6 3. Nc3 Bg7 4. e4 d6 5. Nf3 O-O 6. Be2 Nbd7 7. O-O a5 8. Be3
e5 9. d5 Ne8 10. Ne1 f5 11. f3 f4 12. Bf2 Ndf6 13. c5 Rf7 14. Nd3 Bf8 15. Qb3
Rg7 16. cxd6 cxd6 17. Na4 Nd7 18. Rfc1 g5 19. Rc2 b5 20. Qxb5 Ba6 21. Qb3 Rb8
22. Qc3 Rc8 23. Qd2 h5 24. Nxf4 Bxe2 25. Nxe2 g4 26. Rxc8 Qxc8 27. fxg4 Rxg4
28. h3 Rxe4 29. Qg5+ Ng7 30. Nac3 Rb4 31. b3 Qe8 32. Bh4 Rb8 33. Ne4 Qf7 34.
Rd1 Qf5 35. Qe3 Rb4 36. N2c3 Qg6 37. Qg3 Qxg3 38. Bxg3 Nf5 39. Bf2 Kg7 40. Kf1
Nf6 41. Nd2 Be7 42. Nc4 Bd8 43. Ke2 Bc7 44. Kd3 Ne7 45. Kc2 a4 46. Nxa4 Nexd5
47. a3 Rb8 48. b4 Kf7 49. Nc3 Nxc3 50. Kxc3 d5 51. Nd2 d4+ 52. Kd3 Rg8 53. Bh4
Nd5 54. g3 Ke6 55. Rc1 Nc3 56. Ne4 Ra8 57. Nxc3 Rxa3 58. Kc4 dxc3 59. Rxc3 Ra8
60. Kb5 Bd6 61. Rb3 Rb8+ 62. Kc4 Rc8+ 63. Kd3 Kd5 64. Rb2 Rb8 65. b5 Kc5 66.
Ke4 Rxb5 67. Rxb5+ Kxb5 68. Kd5 Bb8 69. g4 hxg4 70. hxg4 e4 71. g5 Bf4 72. g6
Bh6 73. Kxe4 Kc6 74. Ke5 Kd7 75. Kf6 Ke8 76. Bg5 Bf8 77. Bf4 Be7+ 78. Kg7 Bf8+
79. Kg8 Be7 80. Be5 1-0

[Event "54smm B Arci2-Groeden2"]
[Site "?"]
[Date "2022.12.17"]
[Round "4.2"]
[White "Danti, Alessandro"]
[Black "Kasslatter, Matthias"]
[Result "0-1"]
[WhiteElo "1524"]
[BlackElo "1568"]
[PlyCount "122"]
[EventDate "2022.12.17"]

{[%evp 0,122,14,30,19,-11,-9,4,6,-24,30,-4,3,-30,13,-52,-31,-42,-2,-19,48,-61,
7,-47,-37,-62,-47,-102,-90,-69,-78,-73,-45,-49,-50,-91,- 63,-96,-86,-83,-84,
-132,-133,-141,-116,-151,-131,-149,-129,-144,-142,-142,-124,-104,-72,-125,-50,
-169,-169,-152,-153,-217,-203, -205,-223,-208,-219,-222,-192,-192,-97,-210,
-181,-257,-246,-260,-283,-311,-231,-294,-294,-286,-314,-340,-341,-363,-359,
-363,-25 1,-312,-321,-317,-336,-556,-265,-262,-263,-266,-266,-266,-288,-301,
-314,-314,-349,-383,-354,-361,-378,-390,-425,-457,-480,-490, -490,-1441,-890,
-1272,-1378,-1561,-1781,-29987,-29988,-29991,-29992]} 1. d4 d5 2. c4 e6 3. Nc3
Nf6 4. g3 c5 5. e3 Nc6 6. Bg2 Bd6 7. Nf3 O-O 8. O-O b6 9. a3 Bb7 10. Qc2 Rc8
11. Rd1 cxd4 12. exd4 Ne7 13. Bg5 Rxc4 14. Bxf6 gxf6 15. Qd2 Kh8 16. Nb5 Bb8
17. Qh6 Nf5 18. Qd2 Qd7 19. Nc3 Rg8 20. Ne2 Bd6 21. Rac1 b5 22. Qd3 Rgc8 23.
Nd2 Rxc1 24. Rxc1 Rxc1+ 25. Nxc1 Qc6 26. Ncb3 Qb6 27. Nf1 Ba6 28. Qd2 b4 29.
axb4 Bxb4 30. Qd1 Bc4 31. Ne3 Bxb3 32. Qxb3 Nxd4 33. Qd1 Bc5 34. Qh5 Kg8 35.
Bf1 Qxb2 36. Ng4 Nf3+ 37. Kg2 Ne1+ 38. Kg1 Kf8 39. Qh6+ Ke7 40. Qf4 Qd4 41.
Qc7+ Kf8 42. h3 h5 43. Ne3 Nc2 44. Qb8+ Kg7 45. Qb3 Nxe3 46. fxe3 Qxe3+ 47.
Qxe3 Bxe3+ 48. Kg2 f5 49. Kf3 Bc5 50. Bb5 Kf6 51. Ke2 e5 52. Bc6 Ke6 53. Bb5 e4
54. Ba6 Ke5 55. Bb5 d4 56. Bc4 d3+ 57. Kd2 Bf2 58. Bxf7 Kd4 59. Bxh5 Bxg3 60.
Bg6 e3+ 61. Kd1 e2+ 0-1

[Event "54smm B Arci2-Groeden2"]
[Site "?"]
[Date "2022.12.17"]
[Round "4.3"]
[White "Knottner, Klaus"]
[Black "Hulinskyy, Viktor"]
[Result "0-1"]
[WhiteElo "1642"]
[BlackElo "1571"]
[PlyCount "56"]
[EventDate "2022.12.17"]

{[%evp 0,56,26,19,61,54,56,42,33,31,20,49,60,-25,1,-25,2,-111,-152,-156,-206,
-206,-122,-122,-140,-179,-120,-140,-136,-209,-109,-217,-4 05,-418,-397,-417,
-221,-202,-229,-254,-204,-215,-235,-264,-267,-307,-316,-313,-302,-368,-337,
-333,-378,-382,-349,-675,-675,-675 ,-659]} 1. e4 c5 2. Nf3 Nc6 3. d4 cxd4 4.
Nxd4 Nf6 5. Nc3 e5 6. Nf3 Bb4 7. Bg5 h6 8. Bh4 g5 9. Bg3 Nxe4 10. Qd3 Nxg3 11.
hxg3 d5 12. Nd2 Be6 13. a3 Ba5 14. Nb3 e4 15. Qd1 d4 16. Nxa5 Qxa5 17. b4 Nxb4
18. axb4 Qxb4 19. Qd2 Qxc3 20. Qxc3 dxc3 21. Bb5+ Ke7 22. Ke2 a6 23. Ba4 Rad8
24. Rad1 h5 25. Ke3 Rxd1 26. Rxd1 Rd8 27. Rd4 Rxd4 28. Kxd4 b5 0-1

[Event "54smm B Arci2-Groeden2"]
[Site "?"]
[Date "2022.12.17"]
[Round "4.4"]
[White "Sartore, Pascal"]
[Black "Grossrubatscher, Johann"]
[Result "0-1"]
[WhiteElo "1376"]
[BlackElo "1503"]
[PlyCount "62"]
[EventDate "2022.12.17"]

{[%evp 0,62,27,19,15,-10,-10,25,52,50,62,59,104,96,82,90,82,74,81,68,92,84,86,
84,84,67,67,66,66,56,67,50,73,12,24,24,21,19,19,-205,-16 9,-171,-155,-275,-271,
-396,-338,-396,-349,-365,-361,-367,-367,-383,-343,-365,-366,-583,-795,-652,
-575,-1139,-1440,-1411,-1490]} 1. d4 d5 2. c4 Nf6 3. cxd5 Nxd5 4. e4 Nb6 5. Nc3
c6 6. Nf3 Bg4 7. Be2 e6 8. O-O Bd6 9. h3 Bh5 10. Bg5 f6 11. Be3 N8d7 12. a4 a5
13. Qb3 Bf7 14. e5 Bc7 15. Rfd1 O-O 16. Ne4 Rb8 17. exf6 gxf6 18. Bh6 Re8 19.
Ne5 fxe5 20. Qg3+ Bg6 21. Bg5 Qc8 22. h4 exd4 23. f4 Nd5 24. h5 Bxe4 25. Bh6+
Bg6 26. hxg6 Re7 27. gxh7+ Kh8 28. Rxd4 Bb6 29. Qd3 Rxh7 30. Qg6 Bxd4+ 31. Kf1
Qg8 0-1

[Event "54smm B Arci2-Groeden2"]
[Site "?"]
[Date "17.12.17"]
[Round "4.5"]
[White "Falvo, Igor"]
[Black "Galise, Francesco"]
[Result "0-1"]
[WhiteElo "1041"]
[BlackElo "1287"]
[PlyCount "60"]
[EventDate "2022.12.17"]

{[%evp 0,60,28,36,13,20,42,22,22,20,47,51,36,48,42,38,79,63,67,66,63,53,80,80,
82,71,71,58,62,61,57,50,77,97,90,64,94,99,96,94,94,36,78 ,43,39,31,26,19,62,29,
86,101,138,87,151,72,157,151,181,142,128,-485,-539]} 1. e4 e5 2. Nf3 Nc6 3. Bb5
Nf6 4. O-O d6 5. Nc3 Bd7 6. d4 exd4 7. Nxd4 Nxd4 8. Bxd7+ Qxd7 9. Qxd4 Be7 10.
Bg5 O-O 11. e5 Ne8 12. Bxe7 Qxe7 13. Rfe1 dxe5 14. Rxe5 Qd8 15. Qe3 a6 16. Rd1
Nd6 17. Ne4 Qb8 18. Nxd6 cxd6 19. Red5 Qc7 20. c3 Rad8 21. Qd4 Rfe8 22. h3 Re6
23. a4 b6 24. c4 Kf8 25. b4 Qc6 26. b5 Qb7 27. Qf4 Rg6 28. Qh4 Qe7 29. Qxh7 Qe4
30. g3 Rxg3+ 0-1

[Event "54smm B Kaltern/Tramin2-Merania2"]
[Site "?"]
[Date "2022.12.17"]
[Round "4.1"]
[White "Klotzner, Jakob"]
[Black "Bertagnolli, Gerhard"]
[Result "1/2-1/2"]
[WhiteElo "1444"]
[BlackElo "1855"]
[PlyCount "84"]
[EventDate "2022.12.17"]

{[%evp 0,84,19,31,72,2,56,42,77,17,69,74,65,33,39,24,25,14,24,23,49,24,16,2,14,
2,-6,-21,-15,-20,-10,-5,0,0,0,-16,54,46,37,44,48,50,64, 65,66,66,82,63,67,65,
96,91,102,105,105,102,102,102,100,100,100,100,105,100,100,90,94,92,95,99,91,77,
102,87,98,87,96,0,5,12,8,5, 5,10,1,0,0]} 1. e4 c5 2. f4 e6 3. Nf3 Qc7 4. d3 d6
5. Be2 Nf6 6. O-O Be7 7. h3 O-O 8. c3 a6 9. Be3 b5 10. Nbd2 Bb7 11. Rc1 Nc6 12.
Nh2 Rad8 13. Ng4 Nxg4 14. Bxg4 f5 15. exf5 exf5 16. Bf3 d5 17. Nb3 Nb8 18. d4
Nd7 19. dxc5 Nxc5 20. Nxc5 Bxc5 21. Bxc5 Qxc5+ 22. Qd4 Rc8 23. Rcd1 g6 24. Rfe1
Rf7 25. Re8+ Rf8 26. Qxc5 Rxc5 27. Re7 Rf7 28. Rxb7 Rxb7 29. Bxd5+ Rxd5 30.
Rxd5 Kf7 31. Kf2 Ke6 32. Rd4 h6 33. g4 Rb6 34. Kf3 Rc6 35. a4 Rc5 36. Rb4 Rd5
37. axb5 axb5 38. c4 Rd3+ 39. Kg2 bxc4 40. Rxc4 fxg4 41. hxg4 Rd2+ 42. Kf3 Rxb2
1/2-1/2

[Event "54smm B Kaltern/Tramin2-Merania2"]
[Site "?"]
[Date "2022.12.17"]
[Round "4.2"]
[White "Unterkofler, Alex"]
[Black "Degaudenz, Fabio"]
[Result "1-0"]
[WhiteElo "1741"]
[BlackElo "1461"]
[PlyCount "24"]
[EventDate "2022.12.17"]

{[%evp 0,24,37,28,77,62,103,8,58,58,53,62,68,51,82,52,120,18,22,22,18,21,35,20,
16,-10,-22]} 1. e4 g6 2. d4 d6 3. f4 c6 4. Nf3 d5 5. e5 h5 6. c4 Bg4 7. Nc3 Nh6
8. Be3 Nf5 9. Bf2 e6 10. cxd5 cxd5 11. Qa4+ Nc6 12. Ng5 h4 1-0

[Event "54smm B Kaltern/Tramin2-Merania2"]
[Site "?"]
[Date "2022.12.17"]
[Round "4.3"]
[White "Sbalchiero, Lorenzo"]
[Black "Leimgruber, Erich"]
[Result "0-1"]
[WhiteElo "1438"]
[BlackElo "1550"]
[PlyCount "124"]
[EventDate "2022.12.17"]

{[%evp 0,124,28,28,30,10,24,22,38,15,23,5,9,0,17,20,51,35,57,20,31,33,37,40,41,
29,37,36,82,75,87,87,73,73,96,80,115,143,136,150,165,13 9,155,156,146,135,150,
108,116,110,94,40,51,28,43,44,44,4,37,0,29,-24,-18,-97,-17,-22,-18,-49,-47,
-108,-52,-121,3,-40,-34,-53,-8 5,-76,-23,-20,-19,-106,-97,-97,-93,-81,-94,-113,
-109,-107,-107,-111,-74,-60,-59,-57,-59,-59,82,87,100,67,100,100,85,0,0,-428,
-4 38,-441,-450,-444,-29,-245,-248,-323,-321,-407,-503,-658,-722,-722,-503,
-582,-496,-592,-762]} 1. e4 e5 2. Nf3 Nc6 3. Bc4 d6 4. O-O Be7 5. a3 Nf6 6. d3
Bg4 7. h3 Bh5 8. Be3 O-O 9. Nbd2 Nd7 10. Re1 Kh8 11. Nf1 a6 12. Ng3 Bg6 13. c3
f6 14. b4 Bf7 15. Bxf7 Rxf7 16. Qb3 Qe8 17. d4 exd4 18. cxd4 Bf8 19. Rac1 Rc8
20. Rc2 Nd8 21. Rec1 c6 22. a4 g6 23. b5 axb5 24. axb5 c5 25. dxc5 Nxc5 26.
Bxc5 Rxc5 27. Rxc5 dxc5 28. Rd1 Rd7 29. Rd5 Ne6 30. b6 Nf4 31. Rd1 Qd8 32. Rxd7
Qxd7 33. Qc3 Be7 34. Nd2 Qd4 35. Qa5 Nd3 36. Kh2 Qd7 37. Kg1 Kg7 38. Qc3 Qd4
39. Qxd4 cxd4 40. Nc4 Ne5 41. Nxe5 fxe5 42. Kf1 Bc5 43. Ne2 Bxb6 44. Nc1 Kf6
45. Ke2 Ke6 46. Kd3 Kd6 47. Kc4 Kc6 48. Nd3 Ba5 49. Nxe5+ Kd6 50. Nf7+ Ke6 51.
Ng5+ Ke5 52. f3 b5+ 53. Kxb5 d3 54. f4+ Kxf4 55. Nf3 Bd8 56. Nd2 Ke3 57. Nb1
Kxe4 58. Nd2+ Ke3 59. Nf1+ Kf2 60. Nd2 Ke2 61. Ne4 d2 62. Nxd2 Kxd2 0-1

[Event "54smm B Kaltern/Tramin2-Merania2"]
[Site "?"]
[Date "2022.12.17"]
[Round "4.4"]
[White "Sanin, Wilfried"]
[Black "Avolio, Luca"]
[Result "1/2-1/2"]
[WhiteElo "1441"]
[BlackElo "1031"]
[PlyCount "34"]
[EventDate "2022.12.17"]

{[%evp 0,34,28,8,35,23,15,22,14,14,25,21,24,5,3,11,18,16,18,10,12,14,28,29,46,
24,31,7,11,-19,-26,-25,4,-3,21,14,15]} 1. d4 d5 2. Nc3 Nf6 3. Bf4 Nc6 4. e3 Bf5
5. a3 e6 6. Bd3 Bxd3 7. Qxd3 Be7 8. h3 O-O 9. Nf3 h6 10. O-O Qd7 11. Ne5 Nxe5
12. Bxe5 a6 13. Ne2 Ne4 14. Nc3 Nxc3 15. Qxc3 c6 16. Qd3 Qd8 17. c3 Bf6 1/2-1/2

[Event "54smm B Naturns2-Ridnaun"]
[Site "?"]
[Date "2022.12.17"]
[Round "4.1"]
[White "Obermueller, Johann"]
[Black "Illmer, Markus"]
[Result "1/2-1/2"]
[WhiteElo "1677"]
[BlackElo "1606"]
[PlyCount "27"]
[EventDate "2022.12.17"]

{[%evp 0,13,29,11,55,67,73,56,54,35,25,28,28,-9,11,7]} 1. e4 c6 2. d4 d5 3.
exd5 cxd5 4. c4 Nf6 5. Nf3 e6 6. Nc3 Nbd7 7. cxd5 Nxd5 8. Nxd5 exd5 9. Qa4 Qe7+
10. Be3 Qb4+ 11. Qxb4 Bxb4+ 12. Bd2 Bxd2+ 13. Kxd2 O-O 14. Bd3 1/2-1/2

[Event "54smm B Naturns2-Ridnaun"]
[Site "?"]
[Date "2022.12.17"]
[Round "4.2"]
[White "Gurschler, Markus"]
[Black "Helfer, August"]
[Result "0-1"]
[WhiteElo "1555"]
[BlackElo "1654"]
[PlyCount "90"]
[EventDate "2022.12.17"]

1. d4 e6 2. Bf4 d6 3. e3 g6 4. Nf3 Bg7 5. c3 Ne7 6. Be2 b6 7. O-O O-O 8. h3 Bb7
9. Nbd2 Nd7 10. Qc2 Nf6 11. Ng5 h6 12. Ngf3 Rc8 13. Nb3 a5 14. Rfd1 g5 15. Bh2
Ng6 16. Nbd2 g4 17. hxg4 Nxg4 18. Bg3 f5 19. Nh2 Nxh2 20. Bxh2 Qg5 21. Bf3 Bxf3
22. Nxf3 Qg4 23. Ne1 f4 24. f3 Qg5 25. Qe4 fxe3 26. Rd3 e5 27. dxe5 Bxe5 28.
Bxe5 Nxe5 29. Rxe3 Rf4 30. Qb7 Rff8 31. Nc2 Nc4 32. Re4 Qc5+ 33. Nd4 Nd2 34.
Rg4+ Kh8 35. Rf4 Rce8 36. Rxf8+ Rxf8 37. Qc6 Nxf3+ 38. Qxf3 Rxf3 39. gxf3 Qg5+
40. Kf1 h5 41. Re1 h4 42. Re8+ Kh7 43. Re2 h3 44. Ne6 Qc1+ 45. Kf2 h2 0-1

[Event "54smm B Naturns2-Ridnaun"]
[Site "?"]
[Date "2022.12.17"]
[Round "4.3"]
[White "Sparber, Werner"]
[Black "Zoeschg, Herbert"]
[Result "1-0"]
[WhiteElo "1580"]
[BlackElo "1557"]
[PlyCount "85"]
[EventDate "2022.12.17"]

1. d4 d5 2. c4 e6 3. Nc3 c6 4. Nf3 Nf6 5. Bg5 Nbd7 6. e3 Be7 7. Bd3 h6 8. Bh4
Qc7 9. Rc1 Qa5 10. O-O O-O 11. Ne5 dxc4 12. Nxd7 Nd5 13. Bxe7 Nxe7 14. Nxf8
cxd3 15. Qxd3 Kxf8 16. e4 Qd8 17. Rfd1 Kg8 18. a4 Qe8 19. Re1 Bd7 20. e5 Rc8
21. Ne4 Rb8 22. Re3 Nd5 23. Rg3 Qe7 24. Qf3 Kh8 25. Qg4 f5 26. exf6 Nxf6 27.
Nxf6 Qxf6 28. Rf3 Qe7 29. Qg6 Be8 30. Qe4 Rd8 31. Re3 Bf7 32. f4 Qb4 33. Rd3
Qxb2 34. Rcd1 Qc2 35. a5 Qa2 36. Qe5 Bg6 37. Rg3 Rd5 38. Qxe6 Qa4 39. Re1 Qxd4+
40. Kh1 Bf5 41. Qe7 Rd7 42. Qf8+ Kh7 43. Qxf5+ 1-0

[Event "54smm B Naturns2-Ridnaun"]
[Site "?"]
[Date "2022.12.17"]
[Round "4.4"]
[White "Nischler, Hermann"]
[Black "Helfer, Sieghard"]
[Result "1/2-1/2"]
[WhiteElo "1344"]
[BlackElo "1547"]
[PlyCount "49"]
[EventDate "2022.12.17"]

1. e4 g6 2. d4 Bg7 3. Nf3 d6 4. c3 Nd7 5. Bd3 e6 6. O-O Ne7 7. Na3 a6 8. Be3 b6
9. Rc1 Bb7 10. Re1 h6 11. Bc2 O-O 12. Qd2 Kh7 13. Nb1 Nf6 14. Bf4 Nfg8 15. Bg3
g5 16. Qe3 Ng6 17. Rcd1 Qe7 18. e5 Bxf3 19. Qxf3 d5 20. h3 Kh8 21. Qd3 c5 22.
a3 Qc7 23. Nd2 N8e7 24. Bb1 Nf5 25. Nf1 1/2-1/2

[Event "54smm B Naturns2-Ridnaun"]
[Site "?"]
[Date "2022.12.17"]
[Round "4.5"]
[White "Giorgione, Roberto"]
[Black "Schoepf, Guenther"]
[Result "1-0"]
[WhiteElo "1499"]
[BlackElo "1221"]
[PlyCount "61"]
[EventDate "2022.12.17"]

1. e4 e6 2. d3 c5 3. c3 Nc6 4. Nf3 d6 5. Be2 e5 6. Qc2 Be7 7. Nbd2 Nf6 8. a3 h6
9. b3 Be6 10. Bb2 Rc8 11. O-O Qc7 12. Rac1 b5 13. Qb1 a6 14. d4 d5 15. exd5
Bxd5 16. c4 Bxf3 17. Nxf3 exd4 18. cxb5 axb5 19. Bxb5 O-O 20. Bxc6 Qxc6 21.
Nxd4 Qb7 22. Nf5 Bd8 23. Rc3 Nd5 24. Rg3 Bg5 25. Bxg7 Rfd8 26. Bxh6 f6 27. Bxg5
fxg5 28. Rxg5+ Kf8 29. Nh6 Rd6 30. Rg8+ Ke7 31. Rg7+ 1-0

[Event "54smm B Richter/Lask2-Groeden3"]
[Site "?"]
[Date "17.12.17"]
[Round "4.2"]
[White "Unterweger, Jonas"]
[Black "Piazza, Alex"]
[Result "0-1"]
[WhiteElo "1642"]
[BlackElo "1126"]
[PlyCount "56"]
[EventDate "2022.12.17"]

{[%evp 0,56,42,19,28,0,0,0,0,15,24,28,25,-25,17,29,43,40,39,39,50,48,54,26,13,
17,17,-38,0,0,-43,-78,-92,-92,-106,-95,-42,-291,-285,-23 8,-89,-88,-73,-160,
-160,-651,-607,-614,-639,-963,-1168,-1236,-831,-927,-867,-935,-996,-994,-939]} 
1. d4 Nf6 2. c4 e6 3. Nc3 d5 4. e3 Be7 5. Nf3 O-O 6. Qc2 Nc6 7. a3 b6 8. cxd5
exd5 9. Bd3 h6 10. h3 Re8 11. g4 Na5 12. Ne5 Bb7 13. Rg1 Bd6 14. b4 Nc4 15.
Nxc4 dxc4 16. Bxc4 Bh2 17. Rf1 Bg2 18. f4 Bg3+ 19. Ke2 Bxf1+ 20. Kxf1 c6 21.
Qg2 Bxf4 22. Qxc6 Rc8 23. Qb5 Bxe3 24. d5 Qd6 25. Kg2 Bxc1 26. Rxc1 Qf4 27. Ne2
Rxe2+ 28. Bxe2 Qxc1 0-1

[Event "54smm B Richter/Lask2-Groeden3"]
[Site "?"]
[Date "17.12.17"]
[Round "4.3"]
[White "Demetz, Guenther"]
[Black "Mumelter, Erwin"]
[Result "0-1"]
[WhiteElo "1192"]
[BlackElo "1702"]
[PlyCount "82"]
[EventDate "2022.12.17"]

{[%evp 0,80,19,31,75,76,69,16,47,16,36,-439,-13,-13,66,-140,53,56,42,56,56,44,
37,-82,14,20,22,22,15,-114,-106,-132,-136,-126,-103,-106 ,-75,-72,-76,-104,-40,
-106,-99,-120,-94,-87,-35,-38,-59,-30,-16,-125,-128,-122,-122,-168,-152,-163,
-122,-139,-122,-115,-94,-122 ,-32,-103,-60,-121,-110,-146,-70,-71,-31,-48,-15,
-29,-41,-41,-46,-177,-113,-113,-185]} 1. d4 f5 2. Nc3 Nf6 3. Qd3 e6 4. Nf3 Nc6
5. Bd2 a6 6. a3 b5 7. e4 fxe4 8. Nxe4 Be7 9. Be2 O-O 10. O-O Bb7 11. c4 bxc4
12. Nxf6+ Bxf6 13. Qxc4 a5 14. Bc3 Ba6 15. Qxa6 Rxa6 16. Bxa6 Qa8 17. Bb5 Nb8
18. Rad1 Qd5 19. Ba4 c6 20. Rd3 Na6 21. Rfd1 Bd8 22. Ne5 Nb8 23. Be1 Bc7 24.
Bb3 Qe4 25. Ba2 Qe2 26. R3d2 Qh5 27. b4 axb4 28. axb4 Kh8 29. Bc4 d6 30. Be2
Qe8 31. Nd3 Nd7 32. Rc1 Nb8 33. Rb2 Bb6 34. Bc3 Bc7 35. Ra2 e5 36. dxe5 dxe5
37. Ra7 Bb6 38. Rb7 Bd4 39. Be1 Qc8 40. Re7 Qf5 41. Bf3 Qxd3 0-1

[Event "54smm B Steinegg-Taufers"]
[Site "?"]
[Date "2022.12.17"]
[Round "4.2"]
[White "Pichler, Martin"]
[Black "Niederkofler, Andreas"]
[Result "1/2-1/2"]
[WhiteElo "1870"]
[BlackElo "1812"]
[PlyCount "71"]
[EventDate "2022.12.17"]

{[%evp 0,71,19,31,40,46,33,33,41,41,47,17,41,16,15,-6,7,15,13,18,12,17,16,19,
15,18,18,18,17,31,25,-3,16,-12,8,-29,-26,-80,0,0,32,10,71 ,62,49,49,55,60,53,
53,104,104,105,97,116,34,71,53,56,66,67,78,78,-32,-39,-52,-56,-42,-44,-40,-47,
-45,-47,-41]} 1. e4 c5 2. Nc3 Nc6 3. f4 g6 4. Nf3 Bg7 5. Bb5 Nd4 6. O-O Nxb5 7.
Nxb5 d5 8. exd5 a6 9. Nc3 Nf6 10. d4 Nxd5 11. dxc5 Nxc3 12. Qxd8+ Kxd8 13. bxc3
Bxc3 14. Rb1 Kc7 15. Rb3 Bf6 16. Bd2 Be6 17. Ba5+ Kb8 18. Rb6 Bd5 19. Rd1 Bc6
20. Rb3 b5 21. cxb6 Kb7 22. Rbd3 Rac8 23. Ne5 Bxe5 24. fxe5 Rhe8 25. Rd4 h5 26.
R1d2 Bb5 27. c4 Rxc4 28. Rxc4 Bxc4 29. Rd7+ Kc6 30. Rc7+ Kb5 31. b7 Rb8 32. Bc3
Bd5 33. Bd4 Ka4 34. Rxe7 Rxb7 35. Rxb7 Bxb7 36. Bc5 1/2-1/2

[Event "54smm B Steinegg-Taufers"]
[Site "?"]
[Date "2022.12.17"]
[Round "4.3"]
[White "Forer, Erich"]
[Black "Engl, Alexander"]
[Result "0-1"]
[WhiteElo "1808"]
[BlackElo "1850"]
[PlyCount "50"]
[EventDate "2022.12.17"]

{[%evp 0,50,36,25,47,20,63,58,63,28,30,41,37,21,21,17,24,-4,-3,1,9,-19,-37,-31,
-29,-50,-46,-81,-42,-66,-48,-92,-73,-91,-77,-88,-95,-16 6,-175,-175,-135,-163,
-150,-202,-141,-201,-168,-184,-139,-179,-158,-321,-207]} 1. d4 e6 2. Bf4 f5 3.
e3 Nf6 4. c4 Bb4+ 5. Nc3 O-O 6. Bd3 b6 7. Qb3 Bxc3+ 8. bxc3 Bb7 9. Nf3 Nc6 10.
a4 Na5 11. Qa2 Ne4 12. Bxe4 Bxe4 13. Rd1 d6 14. Ng5 Qd7 15. Nxe4 fxe4 16. O-O
Rae8 17. Qc2 Qc6 18. d5 Qxc4 19. dxe6 Rxe6 20. Rd4 Qb3 21. Qd2 Rf5 22. Qe2 Qxc3
23. Qg4 Qc5 24. Rfd1 Rg6 25. Qh4 Qc2 0-1

[Event "54smm B Steinegg-Taufers"]
[Site "?"]
[Date "2022.12.17"]
[Round "4.4"]
[White "Lantschner, Carmen"]
[Black "Haidacher, Gerold"]
[Result "1/2-1/2"]
[WhiteElo "1648"]
[BlackElo "1772"]
[PlyCount "87"]
[EventDate "2022.12.17"]

{[%evp 0,87,25,11,69,71,80,80,75,58,66,54,61,63,63,59,48,19,38,15,28,27,37,-4,
13,3,13,7,13,29,57,25,25,22,16,7,23,32,35,34,115,23,131, 135,135,59,59,76,74,
16,38,33,34,21,36,27,81,83,112,114,163,157,144,158,183,159,159,129,149,147,144,
144,149,138,138,111,101,104, 108,49,63,59,66,65,66,2,66,66,66,9]} 1. e4 d6 2.
d4 Nf6 3. Nc3 Nbd7 4. Nf3 e5 5. dxe5 Nxe5 6. Nxe5 dxe5 7. Qxd8+ Kxd8 8. Bc4 Be6
9. Bb3 c6 10. Bxe6 fxe6 11. h3 Kc7 12. Bd2 Bc5 13. f3 Rad8 14. O-O-O b5 15. a4
b4 16. Na2 a5 17. Kb1 Rd7 18. Nc1 Rhd8 19. Nd3 Bf2 20. Kc1 Bg3 21. Nc5 Rd6 22.
Nb3 Ra8 23. Be3 Bf4 24. Rhe1 Bxe3+ 25. Rxe3 Rxd1+ 26. Kxd1 Nd7 27. Nd2 Nc5 28.
b3 Nd7 29. Nc4 c5 30. Rd3 Ra6 31. Ke2 Kc8 32. Ke3 Kc7 33. c3 bxc3 34. Rxc3 Kd8
35. Rd3 Ke7 36. g3 Ra7 37. f4 exf4+ 38. gxf4 Nb8 39. Rd2 Nc6 40. Rd6 Nd4 41.
Rb6 Kd7 42. Rd6+ Ke7 43. Rb6 Kd7 44. Rd6+ 1/2-1/2

[Event "54smm B Steinegg-Taufers"]
[Site "?"]
[Date "2022.12.17"]
[Round "4.5"]
[White "Stivaletta, Andrea"]
[Black "Schgaguler, Guenther"]
[Result "1/2-1/2"]
[WhiteElo "1644"]
[BlackElo "1505"]
[PlyCount "37"]
[EventDate "2022.12.17"]

{[%evp 0,37,20,37,41,47,30,39,157,108,77,73,100,88,148,120,112,114,116,32,20,
40,22,40,32,28,32,41,48,48,42,44,44,59,118,50,54,44,50,-9 ]} 1. e4 e6 2. d4 d5
3. Nc3 c5 4. exd5 exd5 5. Bb5+ Nc6 6. Nf3 c4 7. Ne5 Nge7 8. O-O Be6 9. Ne2 Qb6
10. Bxc6+ Nxc6 11. Nxc6 Qxc6 12. Nf4 O-O-O 13. Nxe6 Qxe6 14. Re1 Qg6 15. Bf4
Bd6 16. Bxd6 Qxd6 17. Qf3 f6 18. Qg4+ Qd7 19. Qxd7+ 1/2-1/2

[Event "54smm C Naturns3-Arci3"]
[Site "?"]
[Date "2022.12.17"]
[Round "4.2"]
[White "Gitterle, Leon"]
[Black "Balzan, Barbara"]
[Result "1/2-1/2"]
[WhiteElo "1111"]
[BlackElo "1211"]
[PlyCount "52"]
[EventDate "2022.12.17"]

{[%evp 0,52,36,36,27,-20,23,27,23,-11,16,8,23,8,33,27,24,25,29,36,35,32,32,-3,
9,-29,-25,-46,-28,-29,-33,-115,-16,-6,-6,-18,-6,-121,9,5 ,10,3,0,-51,-61,-87,
-77,-60,-49,-54,-46,-92,-27,-10,-8]} 1. d4 Nf6 2. c4 e5 3. dxe5 Ng4 4. Nf3 Nc6
5. Bf4 Bb4+ 6. Nbd2 Qe7 7. e3 Ngxe5 8. Nxe5 Nxe5 9. a3 Bxd2+ 10. Qxd2 O-O 11.
Qd5 d6 12. Bxe5 dxe5 13. Be2 Rd8 14. Qe4 c6 15. O-O f5 16. Qc2 Be6 17. c5 Kh8
18. Bc4 Rac8 19. Bxe6 Qxe6 20. Qa4 a6 21. Qa5 Qb3 22. Qb6 Qxb6 23. cxb6 Rd2 24.
b4 Rcd8 25. g3 Re2 26. a4 Rb2 1/2-1/2

[Event "54smm A Arci-Ehrenburg"]
[Site "?"]
[Date "2023.??.??"]
[Round "4.1"]
[White "Lerch, Johannes"]
[Black "Olivetti, Davide"]
[Result "1-0"]
[WhiteElo "2124"]
[BlackElo "2064"]
[PlyCount "113"]
[EventDate "2022.12.19"]

1. e4 g6 2. d4 Bg7 3. Nf3 d6 4. Nc3 Bg4 5. Be2 e6 6. Be3 Ne7 7. h3 Bxf3 8. Bxf3
Nd7 9. Qd2 h6 10. O-O c6 11. Rfe1 Nb6 12. Be2 d5 13. Rad1 dxe4 14. Nxe4 Nbd5
15. c3 Nxe3 16. fxe3 O-O 17. Nf2 Qc7 18. Bd3 Rad8 19. Rf1 c5 20. Qe2 e5 21.
dxc5 Qxc5 22. e4 h5 23. Bc4 Bh6 24. Kh1 Kg7 25. Bb3 f6 26. Nd3 Qe3 27. Qxe3
Bxe3 28. Nb4 h4 29. Nd5 Nxd5 30. Bxd5 Rd7 31. Rd3 Bb6 32. Rdf3 Rxd5 33. exd5 e4
34. Rf4 f5 35. Re1 g5 36. Rff1 e3 37. Re2 Kf6 38. g4 hxg3 39. Kg2 f4 40. Kf3
Rh8 41. Ke4 Rxh3 42. Rg2 Rh8 43. Kd3 Ke5 44. c4 a5 45. Rc2 Bc5 46. Rg2 g4 47.
Rfg1 Rh2 48. a4 b6 49. d6 Bxd6 50. b4 Bxb4 51. c5 Bxc5 52. Re2 Rxe2 53. Kxe2
Ke4 54. Rf1 f3+ 55. Ke1 Kd3 56. Rh1 e2 57. Rh2 1-0